| 000 | 01044nmc a2200397 a 4500 | ||
|---|---|---|---|
| 003 | AR-Y00000XR | ||
| 005 | 20251128211935.0 | ||
| 008 | 117020s2005 ||||||||||||||000 | spa|| | ||
| 020 | _a84-9784-063-1 | ||
| 040 | _cAR-Y00000XR | ||
| 100 | 1 | _aBalibar, Etienne | |
| 245 | 1 | 0 |
_aViolencias, identidades y civilidad _bpara una cultura política global |
| 250 | _a1ª ed. | ||
| 260 |
_aBarcelona _bEditorial Gedisa _c2005 |
||
| 300 | 0 | _a188 p. | |
| 490 | 0 | _aCulturas | |
| 600 | 1 | 4 | _aChevrier, Jean-François |
| 600 | 1 | 4 | _aDavid, Catherine |
| 600 | 1 | 4 | _aTazi, Nadia |
| 650 | 4 | _aVIOLENCIA | |
| 650 | 4 | _aRACISMO | |
| 650 | 4 | _aDISCRIMINACION | |
| 650 | 4 | _aIDENTIDAD CULTURAL | |
| 650 | 4 | _aCONFLICTO DE CLASES | |
| 650 | 4 | _aSOCIOLOGIA CULTURAL | |
| 650 | 4 | _aCULTURALISMO | |
| 650 | 4 | _aPOLITICA | |
| 650 | 4 | _aMARXISMO | |
| 650 | 4 | _aCAPITALISMO | |
| 651 | 4 | _aEuropa | |
| 653 | 0 | _aGLOBALIZACION | |
| 700 | 1 |
_aPadilla, Luciano _etraductor |
|
| 800 | 1 | _aGarcía Canclini, Néstor | |
| 942 | _cBK | ||
| 998 | _cme-solo cat | ||
| 999 |
_c21708 _d21708 |
||